OHL Teams - Statistics

General Stats
  • This quiz has been taken 667 times
    655 since last reset
  • The average score is 14 of 20
Answer Stats
Eastern Conference % Correct
London Knights
84%
Oshawa Generals
83%
Ottawa 67s
83%
Erie Otters
79%
Barrie Colts
78%
Windsor Spitfires
76%
Sarnia Sting
75%
Kitchener Rangers
73%
Guelph Storm
71%
North Bay Battalion
71%
Hamilton Bulldogs
70%
Owen Sound Attack
70%
Sudbury Wolves
70%
Kingston Frontenacs
68%
Mississauga Steelheads
67%
Flint Firebirds
65%
Peterborough Petes
65%
Saginaw Spirit
65%
Niagara Ice Dogs
63%
Sault Ste Marie Greyhounds
44%
No matching quizzes found
Score Distribution
Percent of People with Each Score
Percentile by Number Answered
Your Score History
You have not taken this quiz since the last reset